000 04498nas a22002897a 4500
003 NALT
005 20240730160235.0
006 a|||p|r|||| 00| 0
007 ta
008 240730b th |||p| |||| 00| 0 tha d
022 _a08579776
040 _aNALT
041 _atha
245 0 0 _aกฎหมายสุโขทัยธรรมาธิราช ปีที่ 22 ฉบับที่ 1-2 (มิ.ย.-ธ.ค. 2553)
260 _aพี.เอ.ลิฟฟวิ่ง จำกัด
310 _aราย 6 เดือน
500 _aวารสารเย็บเล่ม
505 2 _aปีที่ 22 ฉบับที่ 1 มิ.ย. 2553 -- วัตถุประสงค์ในการรับจำนองของธนาคารเพื่ออะไร? การที่ธนาคารให้ลูกหนี้ทำสัญญาประกันชีวิตระบุให้ธนาคารเป็นผู้รับประโยชน์เป็นธรรม หรือไม่? -- ภาษีแบบก้าวหน้า vs รายจ่ายสาธารณะระบบใดดีกว่ากัน เพื่อเป้าหมายการกระจายรายได้ครั้งใหม่ -- หลักเกณฑ์ในการพิจารณาสถานที่เกิดแหล่งเงินได้เพื่อ ประโยชน์ในการจัดเก็บภาษีเงินได้บุคคลธรรมดา -- ข้อพิพาททางปกครองในโครงการจัดรูปที่ดินเพื่อพัฒนาพื้นที่จังหวัดน่าน -- ความคุ้มกันขององค์การระหว่างประเทศ (Immunities of International Organization) -- มาตรการทางด้านสิ่งแวดล้อมในระบบการค้าเสรีและกลไกของ GATT/WTO -- A Human Right to Health and the Duty to Regulate under International Human Right Law : With Reference to Health-Care Services -- ความเป็นมาในการเรียนนิติศาสตร์ ที่มหาวิทยาลัยสุโขทัยธรรมาธิราช -- เรียนกฎหมายอย่างไรให้ได้เกียรตินิยม (เรื่องเล่าจากประสบการณ์) -- พระราชกำหนดการบริหารราชการในสถานการณ์ฉุกเฉิน พ.ศ. 2548 -- โทษประหารกับความผิดฐานก่อการร้าย : อุปสรรคในการขอตัว พ.ต.ท.ทักษิณ ชินวัตร ในฐานผู้ร้ายข้ามแดน.
_aปีที่ 22 ฉบับที่ 2 ธ.ค. 2553 -- การบังคับชำระหนี้โดยพลการของเจ้าหนี้กับความผิดฐานลักทรัพย์ -- ปัญหาการคิดอัตราดอกเบี้ยในอัตราสูงสุดในตั๋วเงินจากมูลหนี้กู้ยืมเงิน -- การดำเนินคดีทุจริตคอรัปชั่นในประเทศแคนาดา -- การจัดเก็บภาษีที่มีประสิทธิภาพ (Efficient Tax Collection) -- แนวโน้มการบังคับใช้มาตรการปรับค่าคาร์บอนก่อนเข้า พรมแดน (Border Carbon Adjustments : BCA) โดยสหรัฐอเมริกา และสหภาพยุโรป กับการเตรียมพร้อมของประเทศไทย.
650 0 _aการชำระหนี้
_938894
650 0 _aการทุจริต
_98998
850 _aNALT
866 _aปีที่ 22 ฉบับที่ 1 (มิ.ย. 2553)
866 _aปีที่ 22 ฉบับที่ 2 (ธ.ค. 2553)
942 _cBOUND
996 _aaroonthip.c
_bLIBSTF
_c2024-07-30
999 _c105567
_d105567
998 _h179
_j179
_k อรุณทิพย์ จันทร์ดิษฐ์